ON ISOMETRIES IN GMV-ALGEBRAS

Bibliographic Details
Main Author: Jasem, Milan (Author)
Format: Article
Language:English

MARC

LEADER 00000nab a2200000uu 4500
001 vtls011450063
003 SK-MaSNL
005 20260303151420.0
008 230222|2011 xo |||||||||||||||||eng|
015 |a SNBRB 
035 |a (urnnbn)urn:nbn:sk:snk:ar-006f5c 
035 |a (uuid)fbc40987-a431-4e35-9d03-63f1a325cc02 
035 |a urn:nbn:sk:snk-abcmc6 
040 |a SNKBUCL  |b slo  |c SNKBUCL  |e AACR2 
041 0 |a eng 
044 |a xo  |c SK 
100 1 |a Jasem, Milan  |4 aut  |9 9246 
245 1 0 |a ON ISOMETRIES IN GMV-ALGEBRAS  |c Milan Jasem 
773 0 |t Mathematica Slovaca  |g Roč. 61, č. 5 (2011), s. [827]-833 
958 |a OND 
958 |a EUIPO 
958 |a article16 
999 |c 2017563  |d 2019493